| 000 | 01428cam a22003257a 4500 | ||
|---|---|---|---|
| 005 | 20230803133440.0 | ||
| 008 | 110629s2012 maua b 001 0 eng d | ||
| 010 | _a 2011933249 | ||
| 020 | _a9781435460652 | ||
| 020 | _a1435460650 | ||
| 035 | _a(OCoLC)ocn744298339 | ||
| 040 |
_aBTCTA _beng _cBTCTA _dIMD _dYDXCP _dBWX _dBDX _dMUU _dORU _dDLC |
||
| 042 | _alccopycat | ||
| 082 | 0 | 4 |
_a621.3893 _223 _bALT-R |
| 100 | 1 | _aAlten, Stanley R. | |
| 245 | 1 | 0 |
_aRecording and producing audio for media / _cStanley R. Alten. |
| 260 |
_aBoston, MA : _bCourse Technology, _cc2012. |
||
| 300 |
_axvi, 735 p. : _bill. ; _c28 cm. |
||
| 504 | _aIncludes bibliographical references (p. 661-668) and index. | ||
| 650 | 0 |
_aSound _xRecording and reproducing. |
|
| 650 | 0 |
_aSound _xRecording and reproducing _xEquipment and supplies. |
|
| 650 | 0 |
_aSound _xEquipment and supplies. |
|
| 856 | 4 | 2 |
_3Publisher description _uhttp://www.loc.gov/catdir/enhancements/fy1406/2011933249-d.html |
| 856 | 4 | 1 |
_3Table of contents only _uhttp://www.loc.gov/catdir/enhancements/fy1406/2011933249-t.html |
| 856 | 4 | 2 |
_3Contributor biographical information _uhttp://www.loc.gov/catdir/enhancements/fy1406/2011933249-b.html |
| 906 |
_a7 _bcbc _ccopycat _d2 _encip _f20 _gy-gencatlg |
||
| 999 |
_c33195 _d33195 |
||